000 00704nam a2200193Ia 4500
003 GCL
008 140319s9999 xx 000 0 ara d
040 _aGCL /
_cGCL
082 0 4 _a370.78
_bم ا
100 1 _aمحمد هاشم زقالى
245 1 0 _aاتجاهات حديثة فى التربية: مقالات فى الفكر التربوى الجديد والتربية المستديمة /
_cمحمد هاشم زقالى
260 _a[S.N] :
_bالدار الجماهيرية للنشر والتوزيع والاعلان ،
_c1987
300 _a256 ص
490 _a
650 0 4 _aالتعليم
650 0 4 _aالتربية
650 0 4 _aعلم النفس التربوى
942 _2ddc
_cBK
999 _c35405
_d35405